Mechanics of deformable solids (Record no. 10458)

000 -LEADER
fixed length control field 00512nam a22001937a 4500
001 - CONTROL NUMBER
control field 10458
003 - CONTROL NUMBER IDENTIFIER
control field BD-DhUET
008 - FIXED-LENGTH DATA ELEMENTS--GENERAL INFORMATION
fixed length control field 150207b xxu||||| |||| 00| 0 eng d
040 ## - CATALOGING SOURCE
Transcribing agency DLC
Modifying agency BD-DhUET
082 ## - DEWEY DECIMAL CLASSIFICATION NUMBER
Classification number 620.1123
Item number SHA/1964
100 ## - MAIN ENTRY--PERSONAL NAME
Personal name Shames, Irving H.
245 ## - TITLE STATEMENT
Title Mechanics of deformable solids
250 ## - EDITION STATEMENT
Edition statement 1st ed.
260 ## - PUBLICATION, DISTRIBUTION, ETC. (IMPRINT)
Place of publication, distribution, etc. New Jersey
Name of publisher, distributor, etc. Prentice-Hall
Date of publication, distribution, etc. 1964
300 ## - PHYSICAL DESCRIPTION
Extent xii, 532 p.
Other physical details ill.
Dimensions 24cm.
504 ## - BIBLIOGRAPHY, ETC. NOTE
Bibliography, etc Includes bibliographies
650 #0 - SUBJECT ADDED ENTRY--TOPICAL TERM
Topical term or geographic name as entry element Deformable solids : mechanics
942 ## - ADDED ENTRY ELEMENTS (KOHA)
Koha item type General Book
Holdings
Shelving location Price effective from Piece designation (barcode) Koha full call number Withdrawn status Koha date last borrowed Koha item type Koha date last seen Not for loan Koha normalized classification for sorting Lost status Koha issues (times borrowed) Damaged status Location (home branch) Date acquired Sublocation or collection (holding branch) Copy number Source of classification or shelving scheme
Circulation section2015-02-0784506620.1123/SHA/1964 2024-06-09General Book2024-09-11 620_112300000000000_SHA_1964 2 Central Library, BUET2015-02-07Central Library, BUET1 
Circulation section2015-04-2210009620.1123/SHA/1964 2024-02-13General Book2024-03-20 620_112300000000000_SHA_1964 1 Central Library, BUET2015-04-22Central Library, BUET2